000 00959nam a22001937a 4500
999 _c57177
_d57177
003 Ge_BSU
005 20191223155411.0
008 191223s2018 ||||| |||| 00| 0 geo d
041 _ageo
080 _a342.534+35.081.5(094.1 )ბ-58
100 _aბესელია, ეკა
_95909
245 _aსამაგიდო წიგნი პარლამენტისათვის :
_bნიმუშების კრებული /
_cეკა ბესელია.
264 _aთბილისი,
_c2018.
300 _a108 გვ.:
_c24 სმ.
521 _a100 წელი საქართველოს პირველი დამოუკიდებელი რესპუბლიკის დაარსებიდან
653 _aსამართალი
653 _aსახელმწიფო ადმინისტრაციული მმართველობა
942 _2udc
_cBK